Breaking Bad Trivia #O - Statistics

General Stats
  • This quiz has been taken 79 times
  • The average score is 8 of 15
Answer Stats
Hint Answer % Correct
Saul has the US constitution printed on the walls of his _ Office
87%
Sauls Actor Bob Odenkirk
80%
Jesse sells meth at 40$ an __ Ounce
78%
Chemical element, also seen in the intro Oxygen
70%
"If I'm lucky, month from now, best case scenario, I'm managing a Cinnabon in __" -Saul Omaha
63%
Episode title in Season 5 Ozymandias
63%
Dr. Delcavoli is this type of doctor Oncologist
54%
Combos surname Ortega
50%
Jesse and Jane plan to visit a museum showing the work of Georgia __ O'Keeffe
46%
Episode title in Season 2 Over
39%
The twins use this to communicate with Hector Ouija Board
37%
This wild animals used to live at Jesses aunts house Opossum
35%
Episode title in Season 3 One Minute
26%
Episode Title in Season 4 Open House
20%
Marie mocks Hank for playing __ in his garage Oktoberfest
11%
No matching quizzes found
Score Distribution
Percent of People with Each Score
Percentile by Number Answered
Your Score History
You have not taken this quiz